00957nam a22002297a 450000500170000000700150001700800410003202000180007303500100009104000090010110000200011024500810013025600240021126000360023530000280027150602700029965000280056965000340059770000170063174000380064885600410068620240305165617.0cr|||| |||| 210908s2010 ca |||||s|||| 00||0 eng d a9781552212011 a35378 avLex1 aCoughlan, Steve10aDetention and Arresth[Recurso electrónico] /cSteve Coughlan, Glen Luther aServicio en línea aToronto:bIrwin Law Inc.,c2010 a1 recurso electrónico1 aDisponible solo en los productos indicadosdvLex GlobaldvLex Global (Academic Edition, excluding Law Schools)dvLex Global (U.S. Academic Edition, Law Schools)dvLex Global (U.S. Academic Edition, excluding Law Schools)dvLex Global (Academic Edition, Law Schools)04aDerecho PenalzCanadá04aProcedimiento PenalzCanadá1 aLuther, Glen0 avLex Libros (Servicio en línea)40uhttps://app.vlex.com/#/sources/35378